000 00575nam a2200205Ia 4500
005 20250923145134.0
008 008 250917s9999 xx 000 0 eng d
037 _aTextual
040 _aDSWL
_beng
_cDSWL
041 _aeng
_2eng
084 _aX:75.2.N6, K1;1
_qDSWL
100 _aWard, Barbara
_9832148
245 0 _aIndia and the West
_cby Barbara Ward
260 _aLondon
_bHami Hamilton Ltd.
_c1961
300 _ax,632p.
365 _aINR
_b12.60
925 _g12.60
942 _cTEXL
_hX:75.2.N6, K1;1
999 _c1447617
_d1447617